Guide for department of forest recruitment examination/ (Record no. 11845)

MARC details
000 -LEADER
fixed length control field 00633nam a22002177a 4500
005 - DATE AND TIME OF LATEST TRANSACTION
control field 20260515115024.0
008 - FIXED-LENGTH DATA ELEMENTS--GENERAL INFORMATION
fixed length control field 240813b |||||||| |||| 00| 0 eng d
040 ## - CATALOGING SOURCE
Original cataloging agency IN-DiNC
Transcribing agency IN-DiNC
041 ## - LANGUAGE CODE
Language code of sung or spoken text eng
082 ## - DEWEY DECIMAL CLASSIFICATION NUMBER
Classification number 030
Item number GUI
245 ## - TITLE STATEMENT
Title Guide for department of forest recruitment examination/
Statement of responsibility, etc. compiled by Pachan Ali Ahmed and Jonali Goswami
260 ## - PUBLICATION, DISTRIBUTION, ETC.
Place of publication, distribution, etc. Guwahati:
Name of publisher, distributor, etc. ML publication,
Date of publication, distribution, etc. na.
300 ## - PHYSICAL DESCRIPTION
Extent 256p.
650 ## - SUBJECT ADDED ENTRY--TOPICAL TERM
Topical term or geographic name entry element General english
650 ## - SUBJECT ADDED ENTRY--TOPICAL TERM
Topical term or geographic name entry element Arithmetic
650 ## - SUBJECT ADDED ENTRY--TOPICAL TERM
Topical term or geographic name entry element General Knowledge
650 ## - SUBJECT ADDED ENTRY--TOPICAL TERM
Topical term or geographic name entry element Mathematics
700 ## - ADDED ENTRY--PERSONAL NAME
Personal name Ahmed, Pachan Ali
Relator term Editor
700 ## - ADDED ENTRY--PERSONAL NAME
Personal name Goswami, Jonali
Relator term Editor
942 ## - ADDED ENTRY ELEMENTS (KOHA)
Source of classification or shelving scheme Dewey Decimal Classification
Koha item type Books
Holdings
Withdrawn status Lost status Source of classification or shelving scheme Damaged status Not for loan Collection Home library Current library Shelving location Date acquired Cost, normal purchase price Total checkouts Full call number Barcode Date last seen Date last checked out Copy number Price effective from Koha item type
    Dewey Decimal Classification       Naharkatiya College Library Naharkatiya College Library General stacks 08/13/2024 160.00 2 030 GUI 22523 02/03/2026 01/20/2026 1 08/13/2024 Books
    Dewey Decimal Classification       Naharkatiya College Library Naharkatiya College Library General stacks 08/13/2024 160.00 3 030 GUI 22524 09/11/2025 09/01/2025 2 08/13/2024 Books